Szczegóły MARC21

Logistyka : nauka - badania - rozwój /

003 -Nazwa inst., której nr kontr. jest w polu 001 [,]
    • @
    • Nazwa instytucji, której n kontrolny jest w polu 001
    • NUKAT
005 -DATA I CZAS OSTATNIEJ MODYFIKACJI [,]
    • @
    • pole kontrolne
    • 20241231103248.0
020 -Międzynarod. znormalizowany nr książki - ISBN [ , ]
    • a
    • Numer ISBN
    • 9788377894606 Find
040 -Instytucja sporządzająca opis [ , ]
    • a
    • Instytucja, która sporządziła opis (NP)
    • LUBL 64/EG
    • c
    • Instytucja, która sporządziła rekord (NP)
    • LUBL 64/EG
    • d
    • Instytucja, która zmodyfikowała rekord (P)
    • LUBL 64/AWs
    • d
    • Instytucja, która zmodyfikowała rekord (P)
    • LUBL 64/EG
    • d
    • Instytucja, która zmodyfikowała rekord (P)
    • KR 93/BJs
942 -Rodzaj dokumentu [ , ]
    • c
    • Rodzaj dokumentu
    • Książka
100 -Hasło główne - nazwa osobowa [1, ]
    • a
    • Nazwa osobowa (NP)
    • Mindur, Maciej.
    • 9
    • KHW
    • 11119
245 -Strefa tytułu i oznaczenia odpowiedzialności [1,0]
    • a
    • Tytuł
    • Logistyka : Find
    • b
    • Ciąg dalszy tytułu (NP)
    • nauka - badania - rozwój / Find
    • c
    • Pozostałe elementy strefy tytułu i oznaczenia odpowiedzialności (NP)
    • pod redakcją naukową Macieja Mindura ; [autorzy Maciej Mindur i 15 pozostałych].
260 -Strefa adresu wydawniczego [ , ]
    • a
    • Miejsce wydania (P)
    • Warszawa ;
    • a
    • Miejsce wydania (P)
    • Radom :
    • b
    • Nazwa wydawcy (P)
    • Wydawnictwo Naukowe Instytutu Technologii Eksploatacji - PIB,
    • c
    • Data wydania (P)
    • 2017.
300 -Strefa opisu fizycznego [ , ]
    • a
    • Określenie formy książki i/lub objętość (NP)
    • 808 s. :
    • b
    • Oznaczenie ilustracji (NP)
    • il. kolor. ;
    • c
    • Format (NP)
    • 25 cm.
336 -Typ zawartości [ , ]
    • a
    • Termin opisujący typ zawartości
    • Tekst
    • b
    • Kod określający zawartość
    • txt
    • 2
    • Źródło (terminu i kodu)
    • rdacontent
337 -Typ mediów [ , ]
    • a
    • Tryb odtwarzania
    • Bez urządzenia pośredniczącego
    • b
    • Kod typu mediów
    • n
    • 2
    • Źródło (terminu i kodu)
    • rdamedia
338 -Typ/rodzaj nośnika [ , ]
    • a
    • Hasło opisujące typ nośnika
    • Wolumin
    • b
    • Kod typu nośnika
    • nc
    • 2
    • Źródło (terminu i kodu)
    • rdacarrier
504 -Uwaga dot. bibliogr. załącznikowej [ , ]
    • a
    • Uwaga dot. bibliografii załącznikowej
    • Bibliogr. przy rozdz.
650 -Hasło przedmiotowe [ ,7]
    • a
    • Hasło przedmiotowe
    • Logistyka (organizacja).
    • 2
    • Źródło terminu
    • kaba
    • 9
    • KHW
    • 117660
710 -Hasło dodatkowe - nazwa ciała zbiorowego [2, ]
    • a
    • Nazwa ciała zbiorowego lub nazwa geograficzna jako pierwszy element (NP)
    • Instytut Technologii Eksploatacji (Radom).
    • b
    • Nazwa jednostki podrzędnej (P)
    • Wydawnictwo.
    • 4
    • Kod relacji
    • pbl
    • 9
    • KHW
    • 66793
920 -ISBN [ , ]
    • a
    • ISBN
    • 978-83-7789-460-6 Find
Lokalizacja Data inwentaryzacji Sygnatura Numer inwentarzowy Status udost.
T2017-10-23T.19653T.19653-2
T2017-10-23TM.13369TM.13369-2
T2017-10-23TM.13370TM.13370-3
T2017-10-23TM.13371TM.13371-3
T2017-10-23TM.13372TM.13372-3
T2017-10-23TM.13373TM.13373-3
T2017-10-23TM.13374TM.13374-3
T2017-10-23TM.13375TM.13375-3
T2017-10-23TM.13376TM.13376-3
T2017-10-23TM.13377TM.13377-3
T2017-10-23TM.13378TM.13378-3
T2017-10-23TM.13379TM.13379-3
T2017-10-23TM.13380TM.13380-3
T2017-10-23TM.13381TM.13381-3
T2017-10-23TM.13382TM.13382-3
T2017-10-23TM.13383TM.13383-3
T2017-10-23TM.13384TM.13384-3
T2017-10-23TM.13385TM.13385-3
T2017-10-23TM.13386TM.13386-3
T2017-10-23TM.13387TM.13387-3